[Event "Wch Blitz"]
[Site "New York"]
[Date "2024.12.30"]
[Round "1"]
[White "Bezold, Michael"]
[Black "Carlsen, Magnus"]
[Result "0-1"]
[WhiteElo "2469"]
[BlackElo "2831"]
[PlyCount "86"]
[EventDate "2024.12.30"]
[EventType "swiss (blitz)"]
[EventRounds "13"]
[EventCountry "USA"]
[SourceTitle "CB01_2025"]
[SourceDate "2025.01.01"]
[SourceVersion "1"]
[SourceVersionDate "2025.01.01"]
[SourceQuality "1"]

1. c4 e5 2. b3 g6 3. Bb2 Bg7 4. Nf3 d6 5. e3 f5 6. Be2 Nf6 7. 0-0 0-0 8. d3 c6 9. Qc2 a5 10. Nc3 Na6 11. Rac1 Qe7 12. Rfe1 e4 13. Nd2 Nb4 14. Qb1 exd3 15. Bxd3 Ng4 16. Nf3 Ne5 17. Be2 g5 18. a3 Na6 19. Na4 Be6 20. c5 Nxf3+ 21. Bxf3 Nxc5 22. Nxc5 dxc5 23. Bxg7 Kxg7 24. Qc2 g4 25. Be2 b6 26. b4 axb4 27. axb4 Ra2 28. Qc3+ Qf6 29. bxc5 Qxc3 30. Rxc3 b5 31. Bf1 Rd8 32. e4 f4 33. e5 Rdd2 34. h3 h5 35. hxg4 hxg4 36. Re4 Rxf2 37. Rc1 Bd5 38. Rd4 Bxg2 39. Bd3 Bd5 40. Bf1 g3 41. Rxd5 cxd5 42. c6 Rac2 43. Rd1 Rxc6 0-1

[Event "Wch Blitz"]
[Site "New York"]
[Date "2024.12.30"]
[Round "3"]
[White "Bezold, Michael"]
[Black "Sharshenbekov, Emir"]
[Result "1-0"]
[WhiteElo "2469"]
[BlackElo "2078"]
[PlyCount "93"]
[EventDate "2024.12.30"]
[EventType "swiss (blitz)"]
[EventRounds "13"]
[EventCountry "USA"]
[SourceTitle "CB01_2025"]
[SourceDate "2025.01.01"]
[SourceVersion "1"]
[SourceVersionDate "2025.01.01"]
[SourceQuality "1"]

1. c4 Nf6 2. Nf3 e6 3. g3 b6 4. Bg2 Bb7 5. 0-0 c5 6. b3 d5 7. cxd5 Nxd5 8. Bb2 Nd7 9. d3 N7f6 10. Nbd2 Be7 11. a3 0-0 12. Rc1 h6 13. Rc2 Rb8 14. Qa1 Ne8 15. Ne4 Ndf6 16. Ned2 Nd6 17. b4 Nf5 18. bxc5 Bxc5 19. Rcc1 Ne8 20. d4 Be7 21. e4 Nfd6 22. Ne5 Rc8 23. Rxc8 Nxc8 24. Rc1 Ncd6 25. Nc6 Qd7 26. Nxe7+ Qxe7 27. a4 Qd7 28. Ba3 f6 29. Nc4 Rf7 30. Nxd6 Nxd6 31. Qb1 Ne8 32. a5 b5 33. Qb3 Nc7 34. Rd1 a6 35. Bc5 Qe8 36. d5 exd5 37. exd5 Rd7 38. d6+ Ne6 39. Bxb7 Rxb7 40. Re1 Kf7 41. Qd5 Rd7 42. f4 g6 43. g4 Rd8 44. f5 gxf5 45. gxf5 Qg8+ 46. Kh1 Qg4 47. Qxe6+ 1-0

[Event "Wch Blitz"]
[Site "New York"]
[Date "2024.12.30"]
[Round "13"]
[White "Rosen, Eric S"]
[Black "Bezold, Michael"]
[Result "0-1"]
[WhiteElo "2377"]
[BlackElo "2469"]
[PlyCount "91"]
[EventDate "2024.12.30"]
[EventType "swiss (blitz)"]
[EventRounds "13"]
[EventCountry "USA"]
[SourceTitle "CB01_2025"]
[SourceDate "2025.01.01"]
[SourceVersion "1"]
[SourceVersionDate "2025.01.01"]
[SourceQuality "1"]

1. e4 c5 2. Nc3 Nc6 3. Bb5 Nd4 4. Nf3 e6 5. 0-0 a6 6. Bd3 Nc6 7. Be2 d6 8. d4 cxd4 9. Nxd4 Nf6 10. Be3 Be7 11. f4 0-0 12. Kh1 Qc7 13. Qe1 Nxd4 14. Bxd4 b5 15. e5 Nd7 16. Bd3 g6 17. Ne4 Bb7 18. Nf6+ Bxf6 19. exf6 e5 20. fxe5 dxe5 21. Be3 Qc6 22. Qf2 Nxf6 23. Be2 Ne4 24. Qh4 f5 25. Bf3 Qf6 26. Qh6 Rad8 27. Bxe4 Bxe4 28. Bg5 Qc6 29. Rf2 Rd7 30. Raf1 f4 31. c3 Rd3 32. Qh4 Qd5 33. Be7 Rf7 34. Bf6 Rd1 35. Bg5 Bxg2+ 36. Kg1 Rxf1+ 37. Rxf1 Bxf1 38. Kxf1 e4 39. Bh6 Qd3+ 40. Kg1 Qd6 41. a4 e3 42. Qg4 Qd7 43. Qf3 Re7 44. Bxf4 e2 45. Qa8+ Re8 46. Qd5+ 0-1

[Event "BL2-Ost 2223"]
[Site "Germany"]
[Date "2023.03.18"]
[Round "9.1"]
[White "Stocek, Jiri"]
[Black "Bezold, Michael"]
[Result "1-0"]
[WhiteElo "2555"]
[BlackElo "2481"]
[PlyCount "111"]
[EventDate "2022.10.22"]
[EventType "team-tourn"]
[EventRounds "10"]
[EventCountry "GER"]
[SourceTitle "EXT 2024"]
[Source "ChessBase"]
[SourceDate "2023.10.10"]
[SourceVersion "1"]
[SourceVersionDate "2023.10.10"]
[SourceQuality "1"]
[WhiteTeam "Regensburg Bavaria"]
[BlackTeam "Bayern Muenchen II"]
[WhiteTeamCountry "GER"]
[BlackTeamCountry "GER"]

1. c4 e5 2. Nc3 Nf6 3. Nf3 d6 4. d4 Nbd7 5. e4 Be7 6. Be2 0-0 7. 0-0 c6 8. Be3 Ng4 9. Bd2 a6 10. d5 g6 11. Ne1 Ngf6 12. Nd3 cxd5 13. cxd5 Ne8 14. Rc1 Bg5 15. g3 Bxd2 16. Qxd2 f5 17. exf5 gxf5 18. Kh1 Qe7 19. f4 Ndf6 20. Qe3 e4 21. Nb4 Bd7 22. Qb6 Ng7 23. Nc2 Rab8 24. Ne3 Rfc8 25. a4 Be8 26. a5 Bf7 27. Qd4 h5 28. Rg1 Be8 29. h3 Bd7 30. Na4 Bxa4 31. Qxa4 Kf7 32. Qb4 Rxc1 33. Rxc1 Qd8 34. Qc3 Ke7 35. Kg2 Qd7 36. b4 Rg8 37. Kf2 Rb8 38. Bd1 Rd8 39. Be2 Rb8 40. b5 axb5 41. Qc7 Ra8 42. Bxb5 Qxc7 43. Rxc7+ Kf8 44. Nc4 Nxd5 45. Rxb7 e3+ 46. Ke1 Nb4 47. Nxd6 Ne6 48. Bc4 Nc2+ 49. Kd1 e2+ 50. Bxe2 Rd8 51. Kxc2 Rxd6 52. Kc3 Nc5 53. Rb8+ Ke7 54. Kb4 Ne6 55. Rb7+ Kd8 56. a6 1-0

[Event "PRO League Prelim"]
[Site "Chess.com INT"]
[Date "2023.03.02"]
[Round "3.2"]
[White "Caruana, Fabiano"]
[Black "Bezold, Michael"]
[Result "1-0"]
[WhiteElo "2766"]
[BlackElo "2478"]
[PlyCount "105"]
[EventDate "2023.02.14"]
[EventType "team-swiss (rapid)"]
[EventRounds "5"]
[EventCountry "USA"]
[SourceTitle "CBM 213 Extra"]
[Source "ChessBase"]
[SourceDate "2023.05.31"]
[SourceVersion "1"]
[SourceVersionDate "2023.05.31"]
[SourceQuality "1"]
[WhiteTeam "Saint Louis Arch Bishops"]
[BlackTeam "Berlin Bears"]
[WhiteTeamCountry "USA"]
[BlackTeamCountry "GER"]

1. e4 c5 2. Nf3 e6 3. d4 cxd4 4. Nxd4 a6 5. Bd3 Bc5 6. Nb3 Ba7 7. Qe2 Nc6 8. Be3 d6 9. 0-0 Nf6 10. c4 0-0 11. Nc3 h6 12. Rfd1 e5 13. Rac1 Bg4 14. f3 Be6 15. Nd5 a5 16. Bxa7 Rxa7 17. Qe3 a4 18. Na1 Ra8 19. Nc2 Re8 20. Bf1 Nd7 21. Nc3 Qb6 22. Nb5 Qxe3+ 23. Nxe3 Red8 24. Rxd6 Nc5 25. Rcd1 Nd4 26. Rxd8+ Rxd8 27. Nxd4 exd4 28. Nd5 g5 29. Rxd4 Kg7 30. Kf2 f5 31. exf5 Bxf5 32. Ne3 Bd7 33. Bd3 Re8 34. Bc2 Bc6 35. Nf5+ Kf6 36. Nxh6 Bd7 37. Rd6+ Ke7 38. Rd5 b6 39. Rxg5 Rh8 40. Rg6 Be6 41. h4 Nd7 42. Nf5+ Kf7 43. Rg5 Kf6 44. b3 a3 45. Nd4 Bf7 46. Rf5+ Ke7 47. Rf4 Nc5 48. g4 Na6 49. Nc6+ Kd6 50. Rf6+ Kc7 51. Be4 Be8 52. h5 Nc5 53. Nb4 1-0

[Event "BL2-Ost 2122"]
[Site "Germany"]
[Date "2022.06.18"]
[Round "7.1"]
[White "Diermair, Andreas"]
[Black "Bezold, Michael"]
[Result "1/2-1/2"]
[WhiteElo "2451"]
[BlackElo "2481"]
[PlyCount "69"]
[EventDate "2022.03.05"]
[EventType "team-tourn"]
[EventRounds "10"]
[EventCountry "GER"]
[SourceTitle "EXT 2023"]
[Source "ChessBase"]
[SourceDate "2022.10.05"]
[SourceVersion "1"]
[SourceVersionDate "2022.10.05"]
[SourceQuality "1"]
[WhiteTeam "Passau"]
[BlackTeam "Bayern Muenchen II"]
[WhiteTeamCountry "GER"]
[BlackTeamCountry "GER"]

1. d4 Nf6 2. c4 c5 3. d5 e5 4. Nc3 d6 5. e4 Be7 6. g3 0-0 7. Bg2 Ne8 8. Nge2 g6 9. Bh6 Ng7 10. Qd2 Nd7 11. 0-0 Nf6 12. h3 Kh8 13. Be3 Nd7 14. Bh6 Nf6 15. Rae1 Ng8 16. Be3 f5 17. f4 Bf6 18. fxe5 Bxe5 19. Bg5 Qb6 20. Bf4 Bd7 21. Bxe5 dxe5 22. Nc1 Qd6 23. Nd3 Rae8 24. exf5 Bxf5 25. Nb5 Qb8 26. Nxc5 a6 27. Nc3 Qc8 28. Qe3 Bxh3 29. Rxf8 Rxf8 30. Nd3 Bxg2 31. Kxg2 Qxc4 32. Nxe5 Qb4 33. Qd2 Nf5 34. Re4 Qd6 35. Qd4 1/2-1/2

[Event "PRO League Stage"]
[Site "Chess.com INT"]
[Date "2020.01.20"]
[Round "3"]
[White "Bezold, Michael"]
[Black "Hammer, Jon Ludvig"]
[Result "1/2-1/2"]
[WhiteElo "2479"]
[BlackElo "2628"]
[PlyCount "93"]
[EventDate "2020.01.06"]
[EventType "team-swiss (rapid)"]
[EventRounds "7"]
[EventCountry "USA"]
[SourceTitle "CBM 194 Extra"]
[Source "ChessBase"]
[SourceDate "2020.03.31"]
[SourceVersion "1"]
[SourceVersionDate "2020.03.31"]
[SourceQuality "1"]
[WhiteTeam "Germany Bears"]
[BlackTeam "Norway Gnomes"]
[WhiteTeamCountry "GER"]
[BlackTeamCountry "NOR"]

1. c4 e5 2. Nc3 Nf6 3. Nf3 Nc6 4. d3 Bb4 5. Bd2 d5 6. cxd5 Nxd5 7. e3 Nxc3 8. bxc3 Bd6 9. Be2 0-0 10. 0-0 b6 11. e4 Qe7 12. Re1 Kh8 13. Bf1 Bg4 14. h3 Bh5 15. Be2 Rad8 16. Bg5 f6 17. Be3 Bf7 18. Nh4 g6 19. Nf3 Na5 20. Qc2 c5 21. Bf1 Rc8 22. Rad1 Be6 23. Be2 Qf7 24. Rd2 Rg8 25. Rf1 Nc6 26. Qb1 Rc7 27. d4 Bc4 28. dxc5 Bxc5 29. Bxc5 Bxe2 30. Bxb6 Bxf1 31. Bxc7 Bxg2 32. Kxg2 Qxc7 33. Qb3 Nd8 34. Qd5 Re8 35. Qd7 Qxd7 36. Rxd7 Ne6 37. Rxa7 Nf4+ 38. Kg3 Rc8 39. Ra6 Rxc3 40. h4 g5 41. hxg5 fxg5 42. Rb6 h5 43. Rb3 Ne2+ 44. Kg2 Nf4+ 45. Kg3 Ne2+ 46. Kg2 Nf4+ 47. Kg3 1/2-1/2

[Event "BL2-Ost 1920"]
[Site "Germany"]
[Date "2019.12.07"]
[Round "5.1"]
[White "Diermair, Andreas"]
[Black "Bezold, Michael"]
[Result "1-0"]
[WhiteElo "2479"]
[BlackElo "2487"]
[PlyCount "59"]
[EventDate "2019.10.19"]
[EventType "team-tourn"]
[EventRounds "11"]
[EventCountry "GER"]
[SourceTitle "CBM 194 Extra"]
[Source "ChessBase"]
[SourceDate "2020.03.31"]
[SourceVersion "1"]
[SourceVersionDate "2020.03.31"]
[SourceQuality "1"]
[WhiteTeam "Passau"]
[BlackTeam "Bayern Muenchen II"]
[WhiteTeamCountry "GER"]
[BlackTeamCountry "GER"]

1. d4 g6 2. e4 d6 3. c4 Bg7 4. Nc3 Nf6 5. f3 0-0 6. Be3 b6 7. Nge2 c5 8. Qd2 Nc6 9. d5 Ne5 10. Ng3 h5 11. Be2 h4 12. Nf1 Nh7 13. Bh6 Bxh6 14. Qxh6 g5 15. g3 f5 16. f4 Rf6 17. Qh5 Nf7 18. Ne3 Qf8 19. exf5 gxf4 20. gxf4 Qh6 21. Rg1+ Kh8 22. Ne4 Qxh5 23. Bxh5 Rxf5 24. Nxf5 Bxf5 25. Bxf7 Bxe4 26. Kd2 Rf8 27. Be6 Nf6 28. Rae1 Kh7 29. Re3 Bg6 30. f5 1-0

[Event "AUT-chT 1920"]
[Site "Austria"]
[Date "2019.10.11"]
[Round "2.4"]
[White "Bezold, Michael"]
[Black "Sergeev, Vladimir"]
[Result "1/2-1/2"]
[WhiteElo "2487"]
[BlackElo "2395"]
[PlyCount "58"]
[EventDate "2019.10.10"]
[EventType "team-tourn"]
[EventRounds "11"]
[EventCountry "AUT"]
[SourceTitle "EXT 2020"]
[Source "ChessBase"]
[SourceDate "2019.10.17"]
[SourceVersion "1"]
[SourceVersionDate "2019.10.17"]
[SourceQuality "1"]
[WhiteTeam "Hohenems"]
[BlackTeam "Bregenz"]
[WhiteTeamCountry "AUT"]
[BlackTeamCountry "AUT"]

1. c4 Nf6 2. Nc3 d6 3. g3 c5 4. Bg2 Nc6 5. a3 g6 6. Rb1 a5 7. Nf3 Bg7 8. 0-0 0-0 9. d3 Bd7 10. Ne1 Qc8 11. Nc2 Bh3 12. b4 axb4 13. axb4 Bxg2 14. Kxg2 b6 15. Bg5 e6 16. Qd2 Qd7 17. e4 Rfc8 18. Rfe1 Ne8 19. Bh6 Bh8 20. h3 Nc7 21. bxc5 bxc5 22. Rb7 Rcb8 23. Reb1 Qc8 24. R7b6 Rxb6 25. Rxb6 Qd7 26. Rb7 Qc8 27. Rb6 Qd7 28. Rb7 Qc8 29. Rb6 Qd7 1/2-1/2

[Event "PRO League Stage"]
[Site "Chess.com INT"]
[Date "2019.03.13"]
[Round "10"]
[White "Bezold, Michael"]
[Black "Admiraal, Miguoel"]
[Result "1-0"]
[WhiteElo "2487"]
[BlackElo "2478"]
[PlyCount "89"]
[EventDate "2019.01.08"]
[EventType "team-swiss (rapid)"]
[EventRounds "10"]
[EventCountry "USA"]
[SourceTitle "CBM 189 Extra"]
[Source "ChessBase"]
[SourceDate "2019.05.31"]
[SourceVersion "1"]
[SourceVersionDate "2019.05.31"]
[SourceQuality "1"]
[WhiteTeam "Berlin Bears"]
[BlackTeam "Amsterdam Mosquitoes"]
[WhiteTeamCountry "GER"]
[BlackTeamCountry "NED"]

1. b3 a5 2. a3 d5 3. Bb2 Bf5 4. d3 Nf6 5. g3 e6 6. Bg2 h6 7. Nd2 Bh7 8. e4 dxe4 9. dxe4 Nc6 10. e5 Nd5 11. Ngf3 Bc5 12. 0-0 0-0 13. Qe2 Ba7 14. Ne4 Nde7 15. Rad1 Qe8 16. h4 Rd8 17. Bh3 Nf5 18. c3 Qe7 19. b4 Rxd1 20. Rxd1 Rd8 21. Rxd8+ Qxd8 22. Bc1 axb4 23. axb4 Qd5 24. Bg2 Nfe7 25. Nfg5 hxg5 26. Nf6+ gxf6 27. Bxd5 Nxd5 28. exf6 Nxf6 29. b5 Nb8 30. Qa2 Bb6 31. Qa8 Nfd7 32. Bxg5 Be4 33. c4 Kg7 34. h5 Bd3 35. Qa3 Bf5 36. h6+ Kg6 37. Bf4 Bc5 38. Qc3 f6 39. Bxc7 Kxh6 40. Bxb8 Nxb8 41. Qxf6+ Kh7 42. Qf7+ Kh6 43. Qxb7 Nd7 44. Qxd7 e5 45. Qxf5 1-0

[Event "PRO League Stage"]
[Site "Chess.com INT"]
[Date "2019.03.13"]
[Round "10"]
[White "Kollars, Dmitrij"]
[Black "Bezold, Michael"]
[Result "1-0"]
[WhiteElo "2562"]
[BlackElo "2487"]
[PlyCount "75"]
[EventDate "2019.01.08"]
[EventType "team-swiss (rapid)"]
[EventRounds "10"]
[EventCountry "USA"]
[SourceTitle "CBM 189 Extra"]
[Source "ChessBase"]
[SourceDate "2019.05.31"]
[SourceVersion "1"]
[SourceVersionDate "2019.05.31"]
[SourceQuality "1"]
[WhiteTeam "Baden Baden Snowballs"]
[BlackTeam "Berlin Bears"]
[WhiteTeamCountry "GER"]
[BlackTeamCountry "GER"]

1. e4 d6 2. d4 Nf6 3. Nc3 c6 4. f4 Qa5 5. Bd3 e5 6. Nf3 Nbd7 7. 0-0 Be7 8. Kh1 0-0 9. Be3 Qc7 10. a4 exd4 11. Bxd4 a6 12. e5 dxe5 13. fxe5 Ne8 14. Qe1 g6 15. e6 Ndf6 16. exf7+ Kxf7 17. Bb6 Qd6 18. Rd1 Kg7 19. Bxg6 hxg6 20. Rxd6 Bxd6 21. Bd4 c5 22. Be5 Bf5 23. Nh4 Bxe5 24. Nxf5+ gxf5 25. Qxe5 Rf7 26. Qxf5 Rd8 27. Qxc5 Rdd7 28. h3 Kg8 29. Qg5+ Rg7 30. Qf4 Rdf7 31. Qc4 Kh7 32. Ne4 Kh8 33. Nxf6 Rxf6 34. Qh4+ Rh7 35. Qxf6+ Nxf6 36. Rxf6 Rc7 37. c3 Rc4 38. Rb6 1-0

[Event "PRO League Stage"]
[Site "Chess.com INT"]
[Date "2019.03.13"]
[Round "10"]
[White "Moussard, Jules"]
[Black "Bezold, Michael"]
[Result "1-0"]
[WhiteElo "2605"]
[BlackElo "2487"]
[PlyCount "109"]
[EventDate "2019.01.08"]
[EventType "team-swiss (rapid)"]
[EventRounds "10"]
[EventCountry "USA"]
[SourceTitle "CBM 189 Extra"]
[Source "ChessBase"]
[SourceDate "2019.05.31"]
[SourceVersion "1"]
[SourceVersionDate "2019.05.31"]
[SourceQuality "1"]
[WhiteTeam "Marseille Migraines"]
[BlackTeam "Berlin Bears"]
[WhiteTeamCountry "FRA"]
[BlackTeamCountry "GER"]

1. b3 b6 2. Bb2 Bb7 3. Nf3 e6 4. g3 Bxf3 5. exf3 Nf6 6. Bg2 d5 7. 0-0 g6 8. f4 Bg7 9. d3 0-0 10. Nd2 Nfd7 11. c3 c5 12. h4 Nc6 13. h5 b5 14. Rb1 Rc8 15. a3 a5 16. Nf3 b4 17. cxb4 Bxb2 18. Rxb2 axb4 19. axb4 Qf6 20. Re2 cxb4 21. d4 Na7 22. Ne5 Nxe5 23. fxe5 Qg5 24. hxg6 hxg6 25. Re3 Nb5 26. Qd3 Na3 27. Qd2 Nc2 28. f4 Qe7 29. Rd3 Na3 30. f5 exf5 31. Bxd5 Kg7 32. Bg2 Rc2 33. Qf4 Nb5 34. Rf2 Rxf2 35. Qxf2 Rc8 36. Bf1 Nc3 37. Qf4 Qe6 38. g4 fxg4 39. Rg3 Nd5 40. Qf2 Rc1 41. Kg2 Qc6 42. Kg1 Rc2 43. Qe1 Qc8 44. Bc4 Qh8 45. Bxd5 Qh2+ 46. Kf1 Ra2 47. Bg2 Qh6 48. Qe3 Ra1+ 49. Kf2 Qh2 50. Rxg4 Ra6 51. d5 Ra2+ 52. Kf3 Qh5 53. Qd4 Qf5+ 54. Kg3 Rc2 55. Be4 1-0

[Event "PRO League Stage"]
[Site "Chess.com INT"]
[Date "2019.02.20"]
[Round "7"]
[White "Bezold, Michael"]
[Black "Noritsyn, Nikolay"]
[Result "1-0"]
[WhiteElo "2487"]
[BlackElo "2484"]
[PlyCount "129"]
[EventDate "2019.01.08"]
[EventType "team-swiss (rapid)"]
[EventRounds "10"]
[EventCountry "USA"]
[SourceTitle "CBM 189 Extra"]
[Source "ChessBase"]
[SourceDate "2019.05.31"]
[SourceVersion "1"]
[SourceVersionDate "2019.05.31"]
[SourceQuality "1"]
[WhiteTeam "Berlin Bears"]
[BlackTeam "Montreal Chessbrahs"]
[WhiteTeamCountry "GER"]
[BlackTeamCountry "CAN"]

1. c4 e6 2. g3 d5 3. Bg2 c6 4. Qc2 b5 5. b3 Nf6 6. Nf3 Be7 7. 0-0 0-0 8. Bb2 bxc4 9. bxc4 Ba6 10. d3 Nbd7 11. Nbd2 Rc8 12. Rab1 Bd6 13. Rfc1 Qe7 14. Qa4 Nc5 15. Qa5 Qd8 16. Qa3 Bb7 17. Bxf6 gxf6 18. d4 Qe7 19. dxc5 Bxc5 20. Qd3 Rfd8 21. e3 Ba6 22. Qc2 Ba3 23. Rd1 Bb7 24. Nd4 Ba8 25. Qa4 Bd6 26. Rdc1 Kh8 27. cxd5 cxd5 28. N2b3 Ba3 29. Rxc8 Rxc8 30. Nb5 Bb4 31. Qxa7 Qxa7 32. Nxa7 Rc2 33. a3 Bxa3 34. Nd4 Rc1+ 35. Rxc1 Bxc1 36. Nab5 Kg7 37. Kf1 Bb7 38. Ke1 Bb2 39. Kd1 Ba6 40. Kc2 Bxb5 41. Kxb2 Ba6 42. Kc3 Kf8 43. Kb4 Ke7 44. Kc5 Bd3 45. Bf3 h6 46. Be2 Be4 47. Nc6+ Kd7 48. Bb5 Bb1 49. Na7+ Ke7 50. Nc8+ Kd8 51. Nd6 Ke7 52. Be8 Bg6 53. Bc6 Bh5 54. Nc8+ Kd8 55. Na7 Ke7 56. Bb5 Bd1 57. Kc6 Bf3 58. Kc7 e5 59. Nc8+ Kf8 60. Bc6 Kg7 61. Ne7 f5 62. Nxf5+ Kf6 63. Nh4 Bh1 64. Kd6 d4 65. Bxh1 1-0

[Event "PRO League Stage"]
[Site "Chess.com INT"]
[Date "2019.02.20"]
[Round "7"]
[White "Bezold, Michael"]
[Black "Quparadze, Giga"]
[Result "1-0"]
[WhiteElo "2487"]
[BlackElo "2493"]
[PlyCount "117"]
[EventDate "2019.01.08"]
[EventType "team-swiss (rapid)"]
[EventRounds "10"]
[EventCountry "USA"]
[SourceTitle "CBM 189 Extra"]
[Source "ChessBase"]
[SourceDate "2019.05.31"]
[SourceVersion "1"]
[SourceVersionDate "2019.05.31"]
[SourceQuality "1"]
[WhiteTeam "Berlin Bears"]
[BlackTeam "Tbilisi Gentlemen"]
[WhiteTeamCountry "GER"]
[BlackTeamCountry "GEO"]

1. b3 c5 2. Bb2 d6 3. g3 Nc6 4. Bg2 e5 5. e3 f5 6. Ne2 Nf6 7. 0-0 Be7 8. c4 0-0 9. d3 Be6 10. Nbc3 Qd7 11. Nd5 Nb4 12. Nxe7+ Qxe7 13. a3 Nc6 14. d4 Bf7 15. Qc2 cxd4 16. exd4 e4 17. d5 Ne5 18. Nd4 Qd7 19. f4 Neg4 20. Rfe1 Rac8 21. h3 Nh6 22. Qd2 a6 23. a4 Rfe8 24. Re3 Kh8 25. a5 Nhg8 26. Qb4 h5 27. Qa4 Nh6 28. Qxd7 Nxd7 29. Ra4 Nc5 30. Ra1 Kg8 31. Bf1 Red8 32. Be2 Rb8 33. b4 Nd7 34. Rc1 Re8 35. Kf2 Rbc8 36. Rec3 Nf6 37. b5 Ra8 38. Ba3 Red8 39. Bb4 Kh7 40. Rd1 Rac8 41. b6 g6 42. Ne6 Rd7 43. Rcc1 Nhg8 44. c5 Nxd5 45. Ng5+ Kg7 46. c6 Rxc6 47. Rxc6 bxc6 48. Nxf7 Kxf7 49. Be1 h4 50. Bxa6 Rd8 51. Bc4 Ngf6 52. a6 hxg3+ 53. Kxg3 Nh5+ 54. Kh2 Nhxf4 55. b7 Rh8 56. h4 Ke7 57. Bxd5 Nxd5 58. Rxd5 cxd5 59. a7 1-0

[Event "PRO League Stage"]
[Site "Chess.com INT"]
[Date "2019.02.20"]
[Round "7"]
[White "Usmanov, Vasily"]
[Black "Bezold, Michael"]
[Result "1/2-1/2"]
[WhiteElo "2450"]
[BlackElo "2487"]
[PlyCount "104"]
[EventDate "2019.01.08"]
[EventType "team-swiss (rapid)"]
[EventRounds "10"]
[EventCountry "USA"]
[SourceTitle "CBM 189 Extra"]
[Source "ChessBase"]
[SourceDate "2019.05.31"]
[SourceVersion "1"]
[SourceVersionDate "2019.05.31"]
[SourceQuality "1"]
[WhiteTeam "Moscow Wizards"]
[BlackTeam "Berlin Bears"]
[WhiteTeamCountry "RUS"]
[BlackTeamCountry "GER"]

1. d4 Nf6 2. c4 c5 3. Nf3 e6 4. a3 cxd4 5. Nxd4 Nc6 6. Nc3 Bc5 7. Nb3 Be7 8. g3 0-0 9. Bg2 a6 10. 0-0 Ne5 11. c5 d5 12. cxd6 Bxd6 13. Bf4 Nc4 14. Bxd6 Nxd6 15. Rc1 Qe7 16. Qd4 e5 17. Qb4 Be6 18. Rfd1 Rfd8 19. Nc5 a5 20. Qa4 h6 21. Nxe6 Qxe6 22. Nd5 b5 23. Qh4 Rab8 24. Bh3 Qxd5 25. Rxd5 Nxd5 26. Rd1 Nf6 27. g4 Nde4 28. Rxd8+ Rxd8 29. f3 Rd1+ 30. Kg2 Ng5 31. Qg3 Nd5 32. Qxe5 f6 33. Qe8+ Kh7 34. Kg3 f5 35. gxf5 Nf6 36. Qg6+ Kg8 37. Bg2 Rd2 38. e4 Nf7 39. Kh4 Rxb2 40. Qg3 b4 41. axb4 axb4 42. e5 Nxe5 43. Qxe5 Rxg2 44. Kh3 Rg5 45. Qb8+ Kh7 46. Qxb4 Rxf5 47. Qb1 Kg6 48. f4 Nd5 49. Kg4 h5+ 50. Kf3 Nxf4 51. h4 Nd5+ 52. Kg3 Nf6 1/2-1/2

[Event "PRO League Stage"]
[Site "Chess.com INT"]
[Date "2019.01.16"]
[Round "2"]
[White "Borisek, Jure"]
[Black "Bezold, Michael"]
[Result "0-1"]
[WhiteElo "2584"]
[BlackElo "2487"]
[PlyCount "98"]
[EventDate "2019.01.08"]
[EventType "team-swiss (rapid)"]
[EventRounds "10"]
[EventCountry "USA"]
[SourceTitle "CBM 188 Extra"]
[Source "ChessBase"]
[SourceDate "2019.02.28"]
[SourceVersion "1"]
[SourceVersionDate "2019.02.28"]
[SourceQuality "1"]
[WhiteTeam "Ljubljana Turtles"]
[BlackTeam "Berlin Bears"]
[WhiteTeamCountry "SLO"]
[BlackTeamCountry "GER"]

1. e4 g6 2. d4 Bg7 3. Nc3 d6 4. Be3 a6 5. f4 b5 6. Nf3 Bb7 7. Bd3 Nd7 8. e5 e6 9. a4 b4 10. Ne4 Nb6 11. a5 Nd5 12. Bd2 f5 13. Neg5 Qd7 14. c4 bxc3 15. bxc3 h6 16. Nh3 c5 17. Rb1 cxd4 18. cxd4 Bc6 19. Qe2 Nc7 20. 0-0 Ne7 21. exd6 Qxd6 22. Bb4 Qd7 23. Rfc1 Nb5 24. Nf2 Bxf3 25. Qxf3 Nd5 26. Bxb5 axb5 27. Nd3 Bxd4+ 28. Kh1 Kf7 29. Be1 Rhc8 30. Rd1 Rc4 31. Rb3 Qc6 32. Rdb1 Nc7 33. Qe2 Qe4 34. Qf1 g5 35. Bd2 g4 36. Re1 Qd5 37. Rbb1 Rd8 38. Be3 Kg7 39. Bxd4+ Rxd4 40. Ne5 Rb8 41. Rec1 Rb7 42. Qf2 Rd2 43. Qg1 h5 44. Rc5 Qd4 45. Rbc1 Qxg1+ 46. Kxg1 Nd5 47. Nc6 Nxf4 48. Ra1 Rbd7 49. a6 Rxg2+ 0-1

[Event "Bundesliga 1617"]
[Site "Germany"]
[Date "2017.05.01"]
[Round "15.17"]
[White "Bezold, Michael"]
[Black "Erdos, Viktor"]
[Result "1/2-1/2"]
[WhiteElo "2502"]
[BlackElo "2585"]
[PlyCount "40"]
[EventDate "2016.10.15"]
[EventType "team-tourn"]
[EventRounds "15"]
[EventCountry "GER"]
[SourceTitle "CBM 178"]
[Source "ChessBase"]
[SourceDate "2017.05.14"]
[SourceVersion "1"]
[SourceVersionDate "2017.05.14"]
[SourceQuality "1"]
[WhiteTeam "Bayern Muenchen"]
[BlackTeam "Trier"]
[WhiteTeamCountry "GER"]
[BlackTeamCountry "GER"]

1. g3 e5 2. Bg2 Nf6 3. c4 c6 4. Nc3 d5 5. cxd5 cxd5 6. Qb3 Nc6 7. Nxd5 Nd4 8. Nxf6+ gxf6 9. Qd1 Qc7 10. Kf1 Be6 11. b3 0-0-0 12. d3 Kb8 13. Bb2 Bh6 14. e3 Nf5 15. Qe2 Bd7 16. Nf3 Bb5 17. Ne1 Qb6 18. Rd1 Rhg8 19. Bc1 Nd6 20. Kg1 f5 1/2-1/2

[Event "Bundesliga 1617"]
[Site "Germany"]
[Date "2017.02.19"]
[Round "8.1"]
[White "Bezold, Michael"]
[Black "McShane, Luke J"]
[Result "0-1"]
[WhiteElo "2502"]
[BlackElo "2655"]
[PlyCount "72"]
[EventDate "2016.10.15"]
[EventType "team-tourn"]
[EventRounds "15"]
[EventCountry "GER"]
[SourceTitle "CBM 177"]
[Source "ChessBase"]
[SourceDate "2017.03.16"]
[SourceVersion "1"]
[SourceVersionDate "2017.03.16"]
[SourceQuality "1"]
[WhiteTeam "Bayern Muenchen"]
[BlackTeam "Werder Bremen"]
[WhiteTeamCountry "GER"]
[BlackTeamCountry "GER"]

1. c4 Nf6 2. Nc3 g6 3. g3 Bg7 4. Bg2 0-0 5. Nf3 Nc6 6. d3 a6 7. Rb1 b5 8. 0-0 Rb8 9. b3 d6 10. Bb2 e5 11. Nd2 Ne7 12. Rc1 c6 13. e3 Bg4 14. Ne2 Qd7 15. d4 Rbd8 16. Re1 h5 17. Qc2 h4 18. dxe5 dxe5 19. Nf3 hxg3 20. Nxg3 Bxf3 21. Bxf3 Qe6 22. Ba3 Rfe8 23. Red1 Rc8 24. Kg2 Nf5 25. Nxf5 e4 26. Be2 Qxf5 27. Bd6 Ng4 28. Bg3 Be5 29. Rd2 Nxh2 30. Bxh2 Bxh2 31. Rh1 Be5 32. Kf1 Kg7 33. Rg1 Qh3+ 34. Ke1 Rcd8 35. Kd1 Bf6 36. Kc1 Qh2 0-1